[Event "CYCC U16"]
[Site "Richmond Hill CAN"]
[Date "2011.07.06"]
[Round "3"]
[White "Liu, Daniel Orejuela"]
[Black "Ivanov, Mike"]
[Result "0-1"]
[WhiteElo "1872"]
[BlackElo "2100"]
[WhiteFideId "-1"]
[WhiteFideId "-1"]
[PlyCount "46"]
[GameId "2160767909704024"]
[EventDate "2011.07.06"]
[EventType "swiss"]
[EventRounds "7"]
[EventCountry "CAN"]
[SourceTitle "EXT 2022"]
[Source "ChessBase"]
[SourceDate "2021.10.06"]
[SourceVersion "1"]
[SourceVersionDate "2021.10.06"]
[SourceQuality "1"]

1. e4 e6 2. d4 d5 3. Nc3 Bb4 4. e5 c5 5. a3 Ba5 6. Bb5+ Bd7 7. Bxd7+ Nxd7 8. f4 cxd4 9. Qxd4 Ne7 10. Nge2 O-O 11. Qd1 Nf5 12. O-O f6 13. exf6 Rxf6 14. Rf3 Rh6 15. g3 Nf6 16. Qd3 Ng4 17. Na4 Nxh2 18. Rf2 Ng4 19. Rg2 Bb6+ 20. Nxb6 Qxb6+ 21. Kf1 Rh1+ 22. Ng1 Rxg1+ 23. Rxg1 Qf2# 0-1

[Event "CYCC U16"]
[Site "Richmond Hill CAN"]
[Date "2011.07.07"]
[Round "4"]
[White "Ivanov, Mike"]
[Black "Li, Ruokai (David)"]
[Result "1-0"]
[WhiteElo "2100"]
[BlackElo "1921"]
[WhiteFideId "-1"]
[WhiteFideId "-1"]
[PlyCount "49"]
[GameId "2160767909704027"]
[EventDate "2011.07.06"]
[EventType "swiss"]
[EventRounds "7"]
[EventCountry "CAN"]

1. e4 e6 2. Nc3 d5 3. Nf3 Nf6 4. e5 Nfd7 5. Ne2 c5 6. c3 Nc6 7. d4 Be7 8. Nf4 cxd4 9. cxd4 Qb6 10. a3 O-O 11. Bd3 g5 12. Nxg5 Bxg5 13. Qh5 h6 14. h4 Qxd4 15. hxg5 Qxe5+ 16. Ne2 Qg7 17. gxh6 Qe5 18. Qh4 f5 19. Rh3 Kh8 20. Bd2 Qf6 21. Qh5 Nc5 22. Bc2 Ne4 23. Bxe4 fxe4 24. Nf4 Rg8 25. h7 1-0

[Event "CYCC U16"]
[Site "Richmond Hill CAN"]
[Date "2011.07.08"]
[Round "5"]
[White "Sohal, Tanraj"]
[Black "Ivanov, Mike"]
[Result "1/2-1/2"]
[WhiteElo "2177"]
[BlackElo "2100"]
[WhiteFideId "-1"]
[WhiteFideId "-1"]
[PlyCount "27"]
[GameId "2160767909704038"]
[EventDate "2011.07.06"]
[EventType "swiss"]
[EventRounds "7"]
[EventCountry "CAN"]
[SourceTitle "Monroi"]
[SourceDate "2011.01.01"]
[SourceVersion "1"]
[SourceVersionDate "2011.01.01"]
[SourceQuality "1"]

1. d4 Nf6 2. c4 g6 3. Nc3 Bg7 4. e4 O-O 5. e5 Ne8 6. Nf3 d6 7. exd6 Nxd6 8. Be2 Nf5 9. d5 e6 10. O-O exd5 11. cxd5 c6 12. Bg5 Qd7 13. Bc4 Nd6 14. Bb3 1/2-1/2

[Event "CYCC U16"]
[Site "Richmond Hill CAN"]
[Date "2011.07.08"]
[Round "6"]
[White "Itkin, David"]
[Black "Ivanov, Mike"]
[Result "0-1"]
[WhiteElo "2203"]
[BlackElo "2100"]
[WhiteFideId "-1"]
[WhiteFideId "-1"]
[PlyCount "80"]
[GameId "2160767909704041"]
[EventDate "2011.07.06"]
[EventType "swiss"]
[EventRounds "7"]
[EventCountry "CAN"]
[SourceTitle "EXT 2022"]
[Source "ChessBase"]
[SourceDate "2021.10.06"]
[SourceVersion "1"]
[SourceVersionDate "2021.10.06"]
[SourceQuality "1"]

1. e4 e6 2. Qe2 c5 3. Nf3 Nc6 4. g3 g6 5. Bg2 Bg7 6. O-O Nge7 7. d3 O-O 8. c3 Rb8 9. Be3 d6 10. h4 b5 11. d4 c4 12. Nbd2 d5 13. Bf4 Rb7 14. e5 b4 15. Nh2 Qa5 16. Nb1 Bd7 17. Ng4 bxc3 18. bxc3 Rfb8 19. Nf6+ Kh8 20. h5 h6 21. hxg6 fxg6 22. Qd2 h5 23. Bh6 Qd8 24. Bxg7+ Kxg7 25. Qg5 Kf7 26. Bf3 Qh8 27. Kg2 Nf5 28. Nxd5 exd5 29. Bxd5+ Kg7 30. Nd2 Qd8 31. Qxd8 Rxd8 32. Nxc4 Rc7 33. Nd6 Nce7 34. Bb3 Rxc3 35. Nxf5+ Nxf5 36. Rad1 a5 37. Rd2 a4 38. Bc2 Bc6+ 39. d5 Rxd5 40. Rxd5 Bxd5+ 0-1

[Event "CYCC U16"]
[Site "Richmond Hill CAN"]
[Date "2011.07.08"]
[Round "7"]
[White "Ivanov, Mike"]
[Black "Zhang, David"]
[Result "1/2-1/2"]
[WhiteElo "2100"]
[BlackElo "2138"]
[WhiteFideId "-1"]
[WhiteFideId "-1"]
[PlyCount "119"]
[GameId "2160767909704049"]
[EventDate "2011.07.06"]
[EventType "swiss"]
[EventRounds "7"]
[EventCountry "CAN"]
[SourceTitle "EXT 2022"]
[Source "ChessBase"]
[SourceDate "2021.10.06"]
[SourceVersion "1"]
[SourceVersionDate "2021.10.06"]
[SourceQuality "1"]

1. Nc3 d5 2. e4 c6 3. Nf3 Bg4 4. h3 Bxf3 5. Qxf3 e6 6. g3 Nf6 7. Bg2 Nbd7 8. O-O Bc5 9. Qd1 d4 10. Ne2 Qc7 11. d3 O-O-O 12. a3 h5 13. b4 Bb6 14. Bb2 e5 15. Bc1 c5 16. Bd2 Kb8 17. a4 cxb4 18. Bxb4 Ba5 19. Rb1 Bxb4 20. Rxb4 Rc8 21. Qb1 h4 22. g4 g5 23. Rc1 Nc5 24. Qb2 Qd7 25. Rb1 Rc7 26. Bf3 Nxa4 27. Qa3 Nc5 28. Ra1 a6 29. Nc1 Rhc8 30. Rab1 Rc6 31. Qa5 Qc7 32. Qa3 Nfd7 33. Qa2 b5 34. Bd1 Nb6 35. Ra1 Nca4 36. Nb3 Rc3 37. Rb1 Qe7 38. Na5 Qe6 39. Rxa4 Nxa4 40. Qxa4 Qb6 41. Nc4 Qe6 42. Qa5 Kb7 43. Kf1 Rc7 44. Ke2 Kc8 45. Nb6+ Kb7 46. Nd5 R7c6 47. Nxc3 Rxc3 48. Qb4 Kb6 49. Ra1 Kb7 50. Qf8 Rc8 51. Qg7 Qe7 52. Qh6 Rc6 53. Qh8 Rc8 54. Qh7 Rc6 55. Ke1 Rg6 56. Qh8 Qb4+ 57. Ke2 Qe7 58. Ra2 Rc6 59. Qg8 Rg6 60. Qh8 1/2-1/2

[Event "Ontario-Tch active"]
[Site "Kitchener CAN"]
[Date "2011.06.18"]
[Round "5.3"]
[White "Ivanov, Mike"]
[Black "Dukic, Zachary"]
[Result "1-0"]
[WhiteElo "1948"]
[BlackElo "1803"]
[WhiteFideId "-1"]
[WhiteFideId "-1"]
[PlyCount "49"]
[GameId "2160767909704212"]
[EventDate "2011.06.19"]
[EventType "rapid"]
[EventRounds "4"]
[EventCountry "CAN"]
[SourceTitle "EXT 2022"]
[Source "ChessBase"]
[SourceDate "2021.10.06"]
[SourceVersion "1"]
[SourceVersionDate "2021.10.06"]
[SourceQuality "1"]
[WhiteTeam "Willowdale"]
[BlackTeam "St Catherines"]
[WhiteTeamCountry "CAN"]
[BlackTeamCountry "CAN"]

1. e4 c5 2. Nc3 Nc6 3. g3 g6 4. Bg2 Bg7 5. Nge2 Nf6 6. O-O O-O 7. h3 d6 8. d3 a6 9. Be3 Qc7 10. f4 b5 11. Qd2 b4 12. Nd1 Bd7 13. g4 e6 14. f5 exf5 15. exf5 gxf5 16. Bh6 Ne8 17. gxf5 f6 18. Be3 Rc8 19. Nf4 Ne7 20. Be4 Kh8 21. Qe2 Bh6 22. Ng6+ hxg6 23. Bxh6 Rg8 24. fxg6 d5 25. Bf4 1-0

[Event "Hart House Reading Week op U2200"]
[Site "Toronto CAN"]
[Date "2011.02.19"]
[Round "1"]
[White "Ivanov, Mike"]
[Black "Armstrong, Robert J"]
[Result "1-0"]
[WhiteElo "2025"]
[BlackElo "1750"]
[WhiteFideId "-1"]
[WhiteFideId "-1"]
[PlyCount "59"]
[GameId "2160767909804406"]
[EventDate "2011.02.19"]
[EventType "swiss"]
[EventRounds "6"]
[EventCountry "CAN"]

1. e4 g6 2. d4 Bg7 3. Nc3 d6 4. Be3 Nf6 5. f3 O-O 6. Qd2 c6 7. Bd3 b5 8. Nge2 Qc7 9. O-O Nbd7 10. Nd1 a5 11. c3 Ba6 12. Rc1 c5 13. Nf2 c4 14. Bb1 Rab8 15. g4 Rb7 16. Ng3 Rfb8 17. f4 b4 18. g5 bxc3 19. bxc3 Rb2 20. Bc2 Ne8 21. f5 Rxa2 22. Ng4 Rbb2 23. fxg6 fxg6 24. Qf2 Qb8 25. Nh6+ Kh8 26. Nf7+ Kg8 27. Nh6+ Kh8 28. Qf7 Bxh6 29. gxh6 Ndf6 30. Rxf6 1-0

[Event "Toronto Closed reserves"]
[Site "Toronto CAN"]
[Date "2011.01.30"]
[Round "2"]
[White "Chernik, Dmitry"]
[Black "Ivanov, Mike"]
[Result "1-0"]
[WhiteElo "1888"]
[BlackElo "2095"]
[WhiteFideId "-1"]
[WhiteFideId "-1"]
[PlyCount "95"]
[GameId "2160767909821267"]
[EventDate "2011.01.07"]
[EventType "tourn"]
[EventRounds "4"]
[EventCountry "CAN"]
[SourceTitle "EXT 2022"]
[Source "ChessBase"]
[SourceDate "2021.10.06"]
[SourceVersion "1"]
[SourceVersionDate "2021.10.06"]
[SourceQuality "1"]

1. e4 c5 2. Nf3 d6 3. Bb5+ Bd7 4. Bxd7+ Qxd7 5. O-O e5 6. d3 g6 7. Nc3 Bg7 8. Nd5 Ne7 9. Bh6 O-O 10. Bxg7 Kxg7 11. c4 Nbc6 12. a3 Nxd5 13. cxd5 Ne7 14. Qd2 h6 15. b4 b6 16. bxc5 bxc5 17. Rab1 Rab8 18. Qc3 Kh7 19. Rb2 g5 20. Rfb1 Rxb2 21. Qxb2 Nc8 22. Qb7 Nb6 23. Rxb6 Qa4 24. Rb1 Qxa3 25. Qe7 Qxd3 26. Re1 Kg7 27. Qxd6 c4 28. Qxe5+ f6 29. Qd4 a5 30. Qa7+ Rf7 31. Qxa5 c3 32. h3 Re7 33. e5 fxe5 34. Rxe5 Rxe5 35. Qc7+ Kg8 36. Qf7+ Kxf7 37. Nxe5+ Ke7 38. Nxd3 Kd6 39. Kf1 Kxd5 40. Ke2 Kc4 41. Ke3 h5 42. Nc1 g4 43. hxg4 hxg4 44. f4 gxf3 45. gxf3 c2 46. Ke4 Kc3 47. f4 Kd2 48. Nd3 1-0

[Event "Toronto Closed reserves"]
[Site "Toronto CAN"]
[Date "2011.02.13"]
[Round "3"]
[White "Ivanov, Mike"]
[Black "Zeromskis, Egidijus"]
[Result "0-1"]
[WhiteElo "2095"]
[BlackElo "2213"]
[WhiteFideId "-1"]
[WhiteFideId "-1"]
[PlyCount "93"]
[GameId "2160767909821269"]
[EventDate "2011.01.07"]
[EventType "tourn"]
[EventRounds "4"]
[EventCountry "CAN"]
[SourceTitle "EXT 2022"]
[Source "ChessBase"]
[SourceDate "2021.10.06"]
[SourceVersion "1"]
[SourceVersionDate "2021.10.06"]
[SourceQuality "1"]

1. e4 Nf6 2. e5 Nd5 3. Nc3 Nxc3 4. dxc3 d5 5. Be3 Bf5 6. h4 h6 7. g4 Be4 8. f3 Bg6 9. Bd3 Bxd3 10. Qxd3 Qd7 11. Rd1 e6 12. c4 dxc4 13. Qxc4 Qc6 14. Qe4 Be7 15. Ne2 Qxe4 16. fxe4 Nc6 17. Bd4 O-O 18. Kf2 g6 19. Kg3 Rfd8 20. Bc3 Bc5 21. a3 a5 22. Kf3 b6 23. Rd3 b5 24. Rhd1 Rxd3+ 25. cxd3 b4 26. axb4 axb4 27. d4 bxc3 28. dxc5 cxb2 29. Rb1 Nxe5+ 30. Kf4 Ra1 31. Nc3 Nd3+ 32. Ke3 Rxb1 33. Nxb1 Nxc5 34. Kd4 Nd7 35. Kc3 Ne5 36. Kxb2 Nxg4 37. Kc3 f5 38. Kd4 Kf7 39. Nd2 Nf6 40. exf5 gxf5 41. Nc4 Nd7 42. Na3 Kf6 43. Nb5 c5+ 44. Kc4 Ke5 45. Nc3 Kf4 46. Kb5 Nf6 47. Ne2+ 0-1

[Event "Toronto Closed reserves"]
[Site "Toronto CAN"]
[Date "2011.03.01"]
[Round "4"]
[White "Strugach, Alexander"]
[Black "Ivanov, Mike"]
[Result "0-1"]
[WhiteElo "1982"]
[BlackElo "2095"]
[WhiteFideId "-1"]
[WhiteFideId "-1"]
[PlyCount "78"]
[GameId "2160767909821272"]
[EventDate "2011.01.07"]
[EventType "tourn"]
[EventRounds "4"]
[EventCountry "CAN"]

1. e4 c5 2. f4 d5 3. e5 Nh6 4. Nf3 Bg4 5. Be2 e6 6. O-O Nc6 7. b3 Nf5 8. Bb2 Be7 9. Nc3 a6 10. a4 O-O 11. Ne1 Bxe2 12. Nxe2 b5 13. axb5 axb5 14. Ng3 Nxg3 15. hxg3 c4 16. Qh5 Qb6+ 17. Kh2 Rxa1 18. Bxa1 cxb3 19. cxb3 Qa5 20. Nf3 Qa2 21. g4 Qxb3 22. f5 Qd3 23. Rc1 Nd8 24. Rc7 Re8 25. Ng5 Bxg5 26. Qxg5 h6 27. Qf4 b4 28. f6 Qb1 29. Bd4 g5 30. Qf3 Kh7 31. Bc5 Qe1 32. Be3 b3 33. d4 b2 34. Bf2 Qd2 35. Qb3 Qxf2 36. Qd3+ Kh8 37. Re7 Rg8 38. Qb1 Qf4+ 39. Kh3 Qc1 0-1

[Event "Toronto-ch U20"]
[Site "Toronto CAN"]
[Date "2010.11.14"]
[Round "1"]
[White "Ivanov, Mike"]
[Black "Sapozhnikov, Roman"]
[Result "1/2-1/2"]
[WhiteElo "2017"]
[BlackElo "2399"]
[WhiteFideId "-1"]
[WhiteFideId "-1"]
[PlyCount "126"]
[GameId "2160767909842457"]
[EventDate "2010.11.14"]
[EventType "tourn"]
[EventRounds "5"]
[EventCountry "CAN"]

1. Nf3 Nf6 2. b3 g6 3. Bb2 Bg7 4. c4 d6 5. d4 O-O 6. e3 e5 7. dxe5 Ng4 8. h3 Nxe5 9. Nxe5 Bxe5 10. Bxe5 dxe5 11. Nc3 c6 12. Qc2 Bf5 13. Qb2 Qe7 14. g4 Be6 15. Bg2 Nd7 16. O-O-O a5 17. f4 f6 18. Rhg1 Rad8 19. Ne4 Nc5 20. fxe5 Nxe4 21. Bxe4 Qc5 22. Qc3 Qxe5 23. Qxe5 fxe5 24. Rxd8 Rxd8 25. Rf1 Kg7 26. Kc2 Bc8 27. a3 Rd6 28. Rd1 Rxd1 29. Kxd1 h5 30. gxh5 g5 31. Ke2 Bxh3 32. Kf3 Be6 33. Bg6 a4 34. Bc2 axb3 35. Bxb3 Kh6 36. Ke4 Kxh5 37. Kxe5 Bg8 38. Bd1+ Kh4 39. c5 g4 40. Kd6 g3 41. Bf3 Bc4 42. e4 Kg5 43. e5 Kf4 44. Bh1 Bd5 45. Bxd5 cxd5 46. e6 g2 47. e7 g1=Q 48. e8=Q d4 49. Qf7+ Ke3 50. Qe7+ Kd2 51. Qxb7 Qg6+ 52. Kd7 Qf7+ 53. Kc6 Qe6+ 54. Kc7 Ke3 55. c6 d3 56. Qb6+ Ke2 57. Kb7 d2 58. c7 Qd5+ 59. Kb8 d1=Q 60. c8=Q Qe5+ 61. Ka7 Qe7+ 62. Qcb7 Qxb7+ 63. Qxb7 Qd4+ 1/2-1/2

[Event "Toronto-ch U20"]
[Site "Toronto CAN"]
[Date "2010.11.16"]
[Round "2"]
[White "Ivanov, Mike"]
[Black "Song, Michael"]
[Result "0-1"]
[WhiteElo "2017"]
[BlackElo "2175"]
[WhiteFideId "-1"]
[WhiteFideId "-1"]
[PlyCount "64"]
[GameId "2160767909842458"]
[EventDate "2010.11.14"]
[EventType "tourn"]
[EventRounds "5"]
[EventCountry "CAN"]

1. Nf3 d5 2. c4 d4 3. e3 c5 4. exd4 cxd4 5. g3 Nc6 6. a3 a5 7. Bg2 Nf6 8. d3 Nd7 9. Nbd2 e5 10. Qe2 Be7 11. O-O O-O 12. Rb1 Re8 13. Ne1 a4 14. Nc2 f6 15. b4 axb3 16. Nxb3 Nb6 17. Nb4 Nxb4 18. axb4 Bxb4 19. Qf3 Na4 20. Nxd4 Qxd4 21. Rxb4 Rd8 22. Rd1 Bg4 23. Qxb7 Bxd1 24. Qe7 Ra7 25. Qe6+ Kh8 26. Bd5 Qg4 27. Qd6 Qd7 28. Qxd7 Raxd7 29. Be3 Nc3 30. Be6 Re7 31. Bh3 Ne2+ 32. Kf1 Nd4 0-1

[Event "Toronto-ch U20"]
[Site "Toronto CAN"]
[Date "2010.11.21"]
[Round "3"]
[White "Gusev, Nikita"]
[Black "Ivanov, Mike"]
[Result "1/2-1/2"]
[WhiteElo "2260"]
[BlackElo "2017"]
[WhiteFideId "-1"]
[WhiteFideId "-1"]
[PlyCount "79"]
[GameId "2160767909842461"]
[EventDate "2010.11.14"]
[EventType "tourn"]
[EventRounds "5"]
[EventCountry "CAN"]

1. e4 c5 2. Nf3 Nf6 3. Nc3 d6 4. d4 cxd4 5. Nxd4 g6 6. Be2 Bg7 7. O-O Nc6 8. Nb3 O-O 9. Re1 Bd7 10. Bg5 Rc8 11. Bf1 h6 12. Bh4 Ne5 13. Nd5 Nxd5 14. exd5 g5 15. Bg3 Qb6 16. c3 Bf5 17. Nd4 Bh7 18. Qd2 Rc5 19. Nb3 Rc7 20. Kh1 Bf6 21. f4 Nc4 22. Qe2 a5 23. fxg5 hxg5 24. Bf2 Qa6 25. a4 Qa8 26. h4 Nxb2 27. Qxb2 Bxc3 28. Qc1 Qc8 29. Qxg5+ Kh8 30. Bd4+ Bxd4 31. Nxd4 Rg8 32. Qh5 Rg3 33. Nf3 Kg7 34. Ng5 Bg6 35. Qe2 Rc2 36. Qxe7 Qg4 37. Ne6+ Kh7 38. Nf8+ Kg7 39. Ne6+ Kh7 40. Nf8+ 1/2-1/2

[Event "Toronto-ch U20"]
[Site "Toronto CAN"]
[Date "2010.12.07"]
[Round "4"]
[White "Ivanov, Mike"]
[Black "Wang, Jesse BJ"]
[Result "0-1"]
[WhiteElo "2017"]
[BlackElo "2060"]
[WhiteFideId "-1"]
[WhiteFideId "-1"]
[PlyCount "62"]
[GameId "2160767909842463"]
[EventDate "2010.11.14"]
[EventType "tourn"]
[EventRounds "5"]
[EventCountry "CAN"]

1. Nf3 Nf6 2. b3 d6 3. Bb2 g6 4. c4 Bg7 5. e3 O-O 6. d4 c5 7. Bd3 cxd4 8. Nxd4 Nc6 9. Nd2 e5 10. Nc2 d5 11. O-O Bg4 12. Be2 Bxe2 13. Qxe2 d4 14. Qd3 Ng4 15. exd4 exd4 16. Nf3 Nge5 17. Nxe5 Nxe5 18. Qd2 Qh4 19. Rad1 Rad8 20. Qe1 Rfe8 21. Rxd4 Nf3+ 22. gxf3 Bxd4 23. Nxd4 Rxe1 24. Rxe1 Qg5+ 25. Kf1 Qd2 26. Re2 Rxd4 27. Rxd2 Rxd2 28. Bc3 Rxa2 29. Bd4 a6 30. f4 Rd2 31. Be3 Rb2 0-1

[Event "Toronto-ch U20"]
[Site "Toronto CAN"]
[Date "2010.12.12"]
[Round "5"]
[White "Florea, Alexandru"]
[Black "Ivanov, Mike"]
[Result "1-0"]
[WhiteElo "2094"]
[BlackElo "2017"]
[WhiteFideId "-1"]
[WhiteFideId "-1"]
[PlyCount "87"]
[GameId "2160767909842466"]
[EventDate "2010.11.14"]
[EventType "tourn"]
[EventRounds "5"]
[EventCountry "CAN"]

1. e4 d6 2. d4 Nf6 3. Nc3 g6 4. Nf3 Bg7 5. Be2 O-O 6. O-O c5 7. dxc5 dxc5 8. Be3 Nbd7 9. Nd2 a6 10. a4 b6 11. f4 Bb7 12. Bf3 Rb8 13. Qe2 Ne8 14. e5 Nc7 15. Nde4 Qc8 16. Rad1 Rd8 17. Bg4 Bc6 18. b4 cxb4 19. Qc4 Qb7 20. Qxb4 f5 21. exf6 Nxf6 22. Rxd8+ Rxd8 23. Qxe7 Rf8 24. Nd6 Qb8 25. Be6+ Nxe6 26. Qxe6+ Kh8 27. Nf7+ Rxf7 28. Qxf7 Ng4 29. Bd2 Qd6 30. Be1 Bd4+ 31. Kh1 Ne3 32. Rf2 Bg7 33. Re2 Qd4 34. Bf2 Qc4 35. Qxc4 Nxc4 36. Re6 Bxg2+ 37. Kxg2 Bxc3 38. Rc6 b5 39. Rxa6 bxa4 40. Rc6 a3 41. Rxc4 a2 42. Rxc3 a1=Q 43. Bd4+ Kg8 44. Rc8+ 1-0

[Event "Labour Day op U2100"]
[Site "Toronto CAN"]
[Date "2010.09.04"]
[Round "1"]
[White "Ivanov, Mike"]
[Black "Armstrong, Robert J"]
[Result "1-0"]
[WhiteElo "1982"]
[BlackElo "1818"]
[WhiteFideId "-1"]
[WhiteFideId "-1"]
[PlyCount "73"]
[GameId "2160767909889065"]
[EventDate "2010.09.04"]
[EventType "swiss"]
[EventRounds "6"]
[EventCountry "CAN"]

1. e4 g6 2. d4 Bg7 3. Nc3 d6 4. Be3 Nf6 5. f3 O-O 6. Qd2 c6 7. g4 e5 8. Nge2 Bxg4 9. fxg4 Nxg4 10. O-O-O Nxe3 11. Qxe3 Qh4 12. Kb1 exd4 13. Nxd4 Nd7 14. Qg3 Qe7 15. Rg1 Be5 16. Nf5 Qf6 17. Qh3 Nc5 18. Nh6+ Kh8 19. Ng4 Qg5 20. Nxe5 Qxe5 21. Qg3 Qxg3 22. Rxg3 f5 23. exf5 Rxf5 24. b4 Ne6 25. Bh3 Re5 26. Rxd6 Nf4 27. Rd7 Rh5 28. Bf1 Rxh2 29. Rf3 g5 30. Ne4 Nd5 31. Nxg5 Re8 32. Bh3 h6 33. Nf7+ Kg8 34. Rg3+ Kf8 35. Nxh6 Nf6 36. Rg8+ Nxg8 37. Rf7# 1-0

[Event "CAN-op"]
[Site "Toronto CAN"]
[Date "2010.07.12"]
[Round "3"]
[White "MacKinnon, Keith"]
[Black "Ivanov, Mike"]
[Result "1-0"]
[WhiteElo "2280"]
[BlackElo "1928"]
[WhiteFideId "-1"]
[WhiteFideId "-1"]
[PlyCount "87"]
[GameId "2160767909915331"]
[EventDate "2010.07.10"]
[EventType "swiss"]
[EventRounds "9"]
[EventCountry "CAN"]

1. e4 c5 2. Nf3 Nf6 3. Nc3 d6 4. d4 cxd4 5. Nxd4 g6 6. Be3 Bg7 7. f3 Nc6 8. Qd2 a6 9. O-O-O O-O 10. g4 Bd7 11. h4 h5 12. g5 Ne8 13. f4 Rc8 14. Rh2 b5 15. Rf2 Qa5 16. Kb1 Bg4 17. Nxc6 Rxc6 18. Nd5 Qd8 19. Re1 Rc8 20. Bb6 Qd7 21. Bd4 Qb7 22. Ne3 Bd7 23. f5 Qxe4 24. f6 exf6 25. Nf5 Rxc2 26. Ne7+ Qxe7 27. Kxc2 Bf5+ 28. Rxf5 Qc7+ 29. Kb1 gxf5 30. gxf6 Nxf6 31. Qg5 Re8 32. Be2 Re5 33. Rg1 Ng4 34. Bxe5 dxe5 35. Qxf5 Qc5 36. Rc1 Qb6 37. Qxh5 Ne3 38. Rc8+ Bf8 39. Bd3 f5 40. Qg5+ Kf7 41. Bxf5 Bg7 42. Qh5+ Ke7 43. Qe8+ Kf6 44. Qg6+ 1-0

[Event "CAN-op"]
[Site "Toronto CAN"]
[Date "2010.07.14"]
[Round "5"]
[White "Calugar, Arthur"]
[Black "Ivanov, Mike"]
[Result "1-0"]
[WhiteElo "2372"]
[BlackElo "1928"]
[WhiteFideId "-1"]
[WhiteFideId "-1"]
[PlyCount "91"]
[GameId "2160767909915383"]
[EventDate "2010.07.10"]
[EventType "swiss"]
[EventRounds "9"]
[EventCountry "CAN"]

1. Nf3 d5 2. b3 c5 3. e3 Nc6 4. Bb2 Bg4 5. Bb5 Nf6 6. O-O e6 7. d3 Bd6 8. Bxc6+ bxc6 9. h3 Bh5 10. Nbd2 O-O 11. e4 Nd7 12. Qe1 Re8 13. e5 Be7 14. Nh2 f5 15. f4 Kf7 16. Kh1 Rg8 17. g4 Bg6 18. Ndf3 h6 19. Rg1 Bh7 20. g5 h5 21. g6+ Bxg6 22. Ng5+ Bxg5 23. Rxg5 Nf8 24. Qg3 Rh8 25. Nf3 h4 26. Qg2 Rh6 27. Rg1 Qe7 28. Bc3 Kg8 29. Be1 Kh7 30. Bf2 a5 31. Nxh4 Qf7 32. Qg3 Rh5 33. Nxg6 Rxg5 34. Nxf8+ Rxf8 35. Qxg5 d4 36. Qh4+ Kg8 37. Qh6 Qd7 38. Bh4 Rf7 39. Bf6 Qb7 40. Kh2 Qc7 41. h4 Qd7 42. h5 Qc7 43. Bxg7 Rxg7 44. Qxe6+ Kh8 45. Qh6+ Kg8 46. Rxg7+ 1-0

[Event "Ontario op U2000"]
[Site "Toronto CAN"]
[Date "2010.05.24"]
[Round "6"]
[White "Twesigye, Derick"]
[Black "Ivanov, Mike"]
[Result "1-0"]
[WhiteElo "1728"]
[BlackElo "1904"]
[WhiteFideId "-1"]
[WhiteFideId "-1"]
[PlyCount "70"]
[GameId "2160767909982038"]
[EventDate "2010.05.22"]
[EventType "swiss"]
[EventRounds "6"]
[EventCountry "CAN"]
[SourceTitle "EXT 2022"]
[Source "ChessBase"]
[SourceDate "2021.10.06"]
[SourceVersion "1"]
[SourceVersionDate "2021.10.06"]
[SourceQuality "1"]

1. e4 e6 2. d4 d5 3. Nd2 dxe4 4. Nxe4 b6 5. Bb5+ Bd7 6. Bd3 c5 7. dxc5 bxc5 8. Nf3 f5 9. Nc3 Nc6 10. O-O Nf6 11. Re1 Be7 12. Ng5 Nd4 13. Ne2 O-O 14. Nxd4 cxd4 15. Nxe6 Bxe6 16. Rxe6 Ne8 17. Bf4 Bc5 18. Qf3 Bb6 19. Rae1 Rc8 20. Qg3 Bc7 21. Bxc7 Nxc7 22. Re7 Ne8 23. Rxa7 Rf7 24. Rxf7 Kxf7 25. Qe5 g6 26. Qe6+ Kg7 27. b4 Qc7 28. b5 Qc3 29. Kf1 Nf6 30. Qe7+ Kh6 31. Qxf6 Ra8 32. Qc6 Qa3 33. b6 Qxa2 34. b7 Rb8 35. Qc7 Qa7 1-0

[Event "Toronto op U2000"]
[Site "Toronto CAN"]
[Date "2010.04.03"]
[Round "4"]
[White "Ivanov, Mike"]
[Black "Armstrong, Robert J"]
[Result "1-0"]
[WhiteElo "1806"]
[BlackElo "1736"]
[WhiteFideId "-1"]
[WhiteFideId "-1"]
[PlyCount "71"]
[GameId "2160767910011702"]
[EventDate "2010.04.02"]
[EventType "swiss"]
[EventRounds "6"]
[EventCountry "CAN"]

1. e4 g6 2. Nf3 Bg7 3. Nc3 d6 4. d4 Nf6 5. Bg5 h6 6. Be3 O-O 7. Qd2 Ng4 8. O-O-O Nxe3 9. Qxe3 c6 10. h4 h5 11. Nh2 Nd7 12. g4 hxg4 13. Nxg4 Nf6 14. Nxf6+ exf6 15. Be2 f5 16. h5 g5 17. h6 f4 18. Qf3 Bf6 19. e5 g4 20. Qe4 d5 21. Qd3 Bg5 22. Kb1 f3 23. Bxf3 gxf3 24. Qxf3 Kh7 25. Rdg1 Be6 26. Qd3+ Kh8 27. Qg3 Rg8 28. Rh5 f6 29. Ne2 Rc8 30. f4 Bf7 31. Rhh1 fxe5 32. fxg5 e4 33. Qe5+ Kh7 34. Nf4 Bg6 35. Rf1 Qd7 36. Ne6 1-0

[Event "CAN-ch"]
[Site "Toronto CAN"]
[Date "2025.04.17"]
[Round "1.6"]
[White "Gao, Heye"]
[Black "Ivanov, Mike"]
[Result "0-1"]
[WhiteElo "2002"]
[BlackElo "2402"]
[WhiteFideId "-1"]
[WhiteFideId "-1"]
[PlyCount "68"]
[GameId "2170886164632913"]
[EventDate "2025.04.17"]
[EventType "swiss"]
[EventRounds "9"]
[EventCountry "CAN"]

1. e4 e6 2. d4 d5 3. Nc3 Bb4 4. e5 c5 5. a3 Bxc3+ 6. bxc3 Nc6 7. Qg4 g6 8. a4 Qa5 9. Bd2 Bd7 10. h4 h6 11. Qf4 c4 12. Nf3 Rh7 13. g3 O-O-O 14. Bg2 Rf8 15. O-O Qd8 16. Bc1 f5 17. exf6 Rxf6 18. Qe3 Nge7 19. Ne5 g5 20. hxg5 hxg5 21. Qxg5 Qh8 22. Ba3 Rf5 23. Qe3 Nxe5 24. dxe5 Nc6 25. Bd6 Rfh5 26. Rfe1 Be8 27. f4 Bg6 28. Rac1 Rh1+ 29. Kf2 R1h2 30. Qf3 Qg7 31. Qd1 Bf5 32. Rg1 Be4 33. Qd2 Qg4 34. Rce1 Qf3# 0-1

[Event "CAN-ch"]
[Site "Toronto CAN"]
[Date "2025.04.18"]
[Round "2.6"]
[White "Ivanov, Mike"]
[Black "Marchand, Calix"]
[Result "1-0"]
[WhiteElo "2402"]
[BlackElo "2104"]
[WhiteFideId "-1"]
[WhiteFideId "-1"]
[PlyCount "71"]
[GameId "2170886164653400"]
[EventDate "2025.04.17"]
[EventType "swiss"]
[EventRounds "9"]
[EventCountry "CAN"]

1. e4 c5 2. Nf3 e6 3. c3 d5 4. e5 d4 5. d3 Nc6 6. g3 Qd5 7. c4 Qd7 8. Bg2 Nge7 9. O-O Ng6 10. Qe2 f6 11. exf6 gxf6 12. h4 h5 13. Na3 Be7 14. Bh3 b6 15. Re1 Kf7 16. Nc2 a5 17. Na3 Nce5 18. Nxe5+ Nxe5 19. Bf4 Ng6 20. Bd2 Ne5 21. Bf4 Ng6 22. Qf3 f5 23. Bg2 Ra7 24. Be5 Nxe5 25. Rxe5 Bd6 26. Qf4 Qc7 27. Rae1 Bd7 28. Rxf5+ exf5 29. Bd5+ Kf8 30. Qg5 Be5 31. Nb5 Bxb5 32. Qxf5+ Kg7 33. Qg5+ Kf8 34. Rxe5 Qd6 35. Qf4+ Kg7 36. Rg5+ 1-0

[Event "CAN-ch"]
[Site "Toronto CAN"]
[Date "2025.04.19"]
[Round "4.6"]
[White "Ivanov, Mike"]
[Black "Mutyalapati, Modith Aaroh"]
[Result "1-0"]
[WhiteElo "2402"]
[BlackElo "1985"]
[WhiteFideId "-1"]
[WhiteFideId "-1"]
[PlyCount "83"]
[GameId "2170886164653414"]
[EventDate "2025.04.17"]
[EventType "swiss"]
[EventRounds "9"]
[EventCountry "CAN"]

1. Nf3 Nf6 2. g3 e6 3. Bg2 d5 4. O-O Bd6 5. d3 O-O 6. a4 a5 7. Nc3 c6 8. e4 Nbd7 9. Re1 dxe4 10. dxe4 Qc7 11. Bg5 e5 12. Nh4 g6 13. Qf3 Kg7 14. Nd1 Ng8 15. Bd2 Ndf6 16. Ne3 Be6 17. g4 Kh8 18. Qg3 Bb4 19. Re2 Bxd2 20. Rxd2 Rad8 21. Rad1 Rxd2 22. Rxd2 Nd7 23. g5 f6 24. Bh3 Nc5 25. Bxe6 Nxe6 26. Nxg6+ hxg6 27. Qh3+ Kg7 28. Qxe6 Rf7 29. Qg4 fxg5 30. Qxg5 Nh6 31. Nc4 Kh7 32. Nxe5 Rg7 33. Rd7 Qxe5 34. Qxe5 Rxd7 35. Qxa5 Re7 36. Qd8 Ng8 37. f3 Rf7 38. e5 Rxf3 39. Qd7+ Kh8 40. Qxb7 Rf5 41. Qxc6 Rg5+ 42. Kf2 1-0